[Event "Povolje_2014_open"]
[Site "Ulyanovsk"]
[Date "2014.08.26"]
[Round "1"]
[White "Pirogov, Vyatchslav"]
[Black "Nikitin, Dmitry"]
[Result "1-0"]
[WhiteElo "2339"]
[BlackElo "1833"]
[PlyCount "59"]
[EventDate "2014.08.26"]
[EventRounds "9"]
[EventCountry "RUS"]

1. d4 Nf6 2. c4 e6 3. Nf3 d5 4. cxd5 exd5 5. Nc3 c6 6. Bg5 Be7 7. e3 Bg4 8. Bd3
Nbd7 9. h3 Bh5 10. Qc2 Bxf3 11. gxf3 Qb6 12. O-O-O h6 13. Bf4 Nh5 14. Bh2 O-O
15. Rhg1 a5 16. Bf5 Ndf6 17. Na4 Qa7 18. Kb1 Ne8 19. Be5 Bd6 20. f4 Be7 21. Nc5
Nd6 22. Bh7+ Kh8 23. Nd7 Rfd8 24. Bg6 Rxd7 25. Bxh5 f6 26. Qg6 Ne8 27. Bg4 b5
28. Bf5 Kg8 29. Qh7+ Kf8 30. Qh8+ 1-0

[Event "Povolje_2014_open"]
[Site "Ulyanovsk"]
[Date "2014.08.26"]
[Round "1"]
[White "Schankin, Sergei"]
[Black "Abdulyazanov, Malik"]
[Result "0-1"]
[WhiteElo "1816"]
[BlackElo "2323"]
[PlyCount "82"]
[EventDate "2014.08.26"]
[EventRounds "9"]
[EventCountry "RUS"]

1. e4 c5 2. Nf3 d6 3. d4 cxd4 4. Nxd4 Nf6 5. Nc3 a6 6. Be2 e6 7. O-O Be7 8. Be3
O-O 9. f4 Qc7 10. Qe1 Nc6 11. Qg3 Bd7 12. Rad1 Nxd4 13. Bxd4 Bc6 14. Bf3 Rad8
15. Rfe1 b5 16. a3 a5 17. e5 dxe5 18. Bxe5 Qb6+ 19. Kh1 Bxf3 20. Qxf3 b4 21.
axb4 axb4 22. Ne4 Nxe4 23. Qxe4 Bc5 24. f5 f6 25. Bg3 e5 26. c3 bxc3 27. bxc3
Qb3 28. Rxd8 Rxd8 29. Qc6 Qd5 30. Qxd5+ Rxd5 31. c4 Rd4 32. Rc1 Ba3 33. Ra1
Rxc4 34. h3 Bc5 35. Be1 g6 36. fxg6 hxg6 37. Kh2 Kf7 38. Ra2 f5 39. Bf2 Bxf2
40. Rxf2 Kf6 41. g3 e4 0-1

[Event "Povolje_2014_open"]
[Site "Ulyanovsk"]
[Date "2014.08.26"]
[Round "1"]
[White "Mirzaev, Aziz"]
[Black "Mikeev, Valery"]
[Result "1-0"]
[WhiteElo "2305"]
[BlackElo "1784"]
[PlyCount "47"]
[EventDate "2014.08.26"]
[EventRounds "9"]
[EventCountry "RUS"]

1. Nf3 Nf6 2. d4 d5 3. c4 e6 4. Nc3 Be7 5. Bg5 Nbd7 6. e3 O-O 7. Rc1 b6 8. cxd5
exd5 9. Bd3 Bb7 10. O-O h6 11. Bf4 Nh5 12. Be5 Nhf6 13. Bb1 c5 14. h3 Re8 15.
Bh2 Nf8 16. Ne5 Ne4 17. Qh5 g6 18. Qd1 Kg7 19. dxc5 bxc5 20. Bxe4 dxe4 21. Qb3
f6 22. Qxb7 fxe5 23. Bxe5+ Kg8 24. Qb3+ 1-0

[Event "Povolje_2014_open"]
[Site "Ulyanovsk"]
[Date "2014.08.26"]
[Round "1"]
[White "Golubchikov, Alexey"]
[Black "Shuklin, Nikolay"]
[Result "0-1"]
[WhiteElo "1774"]
[BlackElo "2113"]
[PlyCount "82"]
[EventDate "2014.08.26"]
[EventRounds "9"]
[EventCountry "RUS"]

1. e4 d6 2. d4 Nf6 3. Nc3 c6 4. f4 Qa5 5. Bd3 e5 6. dxe5 dxe5 7. fxe5 Ng4 8.
Nf3 Nxe5 9. Nxe5 Qxe5 10. O-O Bd6 11. Bf4 Qc5+ 12. Kh1 Bxf4 13. Rxf4 Be6 14.
Qd2 Nd7 15. Raf1 Ne5 16. Na4 Qd4 17. Qc3 Qxc3 18. Nxc3 Rd8 19. Be2 Rd2 20. Bd1
Ke7 21. R4f2 Rd4 22. Be2 Rhd8 23. Rd1 Rxd1+ 24. Bxd1 Rd4 25. Kg1 f6 26. h3 Bf7
27. Kf1 Nc4 28. b3 Nd2+ 29. Ke1 Nxe4 30. Nxe4 Rxe4+ 31. Kd2 g6 32. c3 Re5 33.
Rf4 g5 34. Ra4 a6 35. Rb4 b5 36. Bf3 Bd5 37. Bxd5 Rxd5+ 38. Ke2 f5 39. Rd4 Rxd4
40. cxd4 Kd6 41. Kd3 Kd5 0-1

[Event "Povolje_2014_open"]
[Site "Ulyanovsk"]
[Date "2014.08.26"]
[Round "1"]
[White "Saveliev, Dmitri"]
[Black "Anikin, Victor"]
[Result "1-0"]
[WhiteElo "2102"]
[BlackElo "1773"]
[PlyCount "61"]
[EventDate "2014.08.26"]
[EventRounds "9"]
[EventCountry "RUS"]

1. e4 e6 2. d4 Nc6 3. Nf3 Qe7 4. c3 a6 5. Bd3 d6 6. O-O Nd8 7. b3 f6 8. Ba3 e5
9. Nbd2 g5 10. Nc4 b5 11. Ne3 h5 12. dxe5 fxe5 13. Nd5 Qg7 14. c4 Rb8 15. cxb5
axb5 16. Rc1 c5 17. Bb2 Ne6 18. Qd2 Ne7 19. a4 bxa4 20. bxa4 Nxd5 21. exd5 Nf4
22. Bb5+ Kf7 23. Rfe1 Be7 24. Nxe5+ dxe5 25. Bxe5 Bf6 26. Bxb8 Bb7 27. Bxf4
gxf4 28. Rxc5 Be5 29. Qe2 Rg8 30. Rc7+ Bxc7 31. Qe6+ 1-0

[Event "Povolje_2014_open"]
[Site "Ulyanovsk"]
[Date "2014.08.26"]
[Round "1"]
[White "Rumyantsev, Nikolay"]
[Black "Chesalkin, Vladimir"]
[Result "0-1"]
[WhiteElo "1744"]
[BlackElo "2078"]
[PlyCount "98"]
[EventDate "2014.08.26"]
[EventRounds "9"]
[EventCountry "RUS"]

1. e4 c5 2. c3 Nf6 3. e5 Nd5 4. d4 d6 5. c4 Nb6 6. dxc5 dxc5 7. Qxd8+ Kxd8 8.
Nc3 Nc6 9. Bf4 Bf5 10. O-O-O+ Ke8 11. b3 Rd8 12. Be2 Rxd1+ 13. Kxd1 g5 14. Bxg5
Nxe5 15. Nf3 Bg7 16. Nxe5 Bxe5 17. Kd2 f6 18. Be3 Kf7 19. Rc1 Rd8+ 20. Ke1 Bd4
21. Bf3 Nd7 22. Bxb7 Ne5 23. Ke2 Nd3 24. Rc2 Nf4+ 25. Bxf4 Bxc2 26. Nb5 Bb1 27.
Bc7 Rg8 28. Nxd4 cxd4 29. c5 Bxa2 30. b4 Bc4+ 31. Ke1 Ke6 32. g3 Bb5 33. Kd2
Kd7 34. Ba5 e5 35. Be4 Ke6 36. h4 f5 37. Bc2 Rc8 38. Bb3+ Kf6 39. Bd5 e4 40.
Bb3 Ke5 41. Bf7 Bc6 42. Bc4 f4 43. Ba6 e3+ 44. Ke2 f3+ 45. Ke1 Re8 46. Bc7+ Ke4
47. fxe3 dxe3 48. Bf4 Rd8 49. b5 f2+ 0-1

[Event "Povolje_2014_open"]
[Site "Ulyanovsk"]
[Date "2014.08.26"]
[Round "1"]
[White "Beldyugin, Alexey"]
[Black "Goncharov, Evgeniy"]
[Result "1-0"]
[WhiteElo "2070"]
[BlackElo "1717"]
[PlyCount "155"]
[EventDate "2014.08.26"]
[EventRounds "9"]
[EventCountry "RUS"]

1. Nf3 c6 2. d4 d5 3. c4 Nf6 4. Nc3 Bg4 5. Ne5 Bf5 6. Qb3 Qb6 7. c5 Qxb3 8.
axb3 Nbd7 9. Bf4 Nxe5 10. Bxe5 Nd7 11. Bg3 e5 12. e3 Be7 13. b4 exd4 14. exd4
O-O 15. Be2 Bf6 16. Rd1 Rfe8 17. O-O b6 18. b5 bxc5 19. bxc6 Nb6 20. dxc5 Bxc3
21. cxb6 axb6 22. bxc3 Rxe2 23. Rxd5 Be6 24. Rb5 Ra6 25. Rd1 f6 26. h3 Kf7 27.
Rdb1 Rc2 28. Rxb6 Rxb6 29. Rxb6 Rxc3 30. Rb7+ Kg6 31. c7 h5 32. Kh2 Rc2 33. Rb6
Bc8 34. Rb8 Bf5 35. Rh8 Rc4 36. h4 Bg4 37. f3 Bf5 38. Kg1 Rc2 39. Kf1 Bd3+ 40.
Ke1 Bf5 41. Bf4 Rc4 42. g3 Rc2 43. Kd1 Rc6 44. Kd2 Be6 45. Kd3 Kf7 46. Rxh5 Kg8
47. Ra5 Kf7 48. Ra7 Bc8 49. Kd4 Ke6 50. Ra8 Kd7 51. h5 Ra6 52. Rb8 Ra4+ 53. Ke3
Ra3+ 54. Ke4 Ra5 55. g4 Rc5 56. Rb6 Rc4+ 57. Ke3 Rc3+ 58. Kf2 Rc2+ 59. Kg3 Rc3
60. h6 gxh6 61. Rxf6 Ke7 62. Be5 Rxc7 63. Rxh6 Rc2 64. f4 Kf7 65. f5 Rc1 66.
Kf4 Bd7 67. Rh7+ Ke8 68. Kg5 Bb5 69. Kg6 Rc6+ 70. Bf6 Rc4 71. g5 Rf4 72. Rh8+
Kd7 73. Rd8+ Kc6 74. Be5 Rf3 75. f6 Bd3+ 76. Rxd3 Rxd3 77. f7 Rf3 78. Bf6 1-0

[Event "Povolje_2014_open"]
[Site "Ulyanovsk"]
[Date "2014.08.26"]
[Round "1"]
[White "Logunova, Elizaveta"]
[Black "Pavlov, Anatoly F"]
[Result "0-1"]
[WhiteElo "1709"]
[BlackElo "2066"]
[PlyCount "120"]
[EventDate "2014.08.26"]
[EventRounds "9"]
[EventCountry "RUS"]

1. d4 f5 2. Nf3 Nf6 3. c4 g6 4. Bf4 Bg7 5. h3 d6 6. Nc3 O-O 7. e3 c6 8. Be2 Re8
9. O-O Nbd7 10. Qb3 Qb6 11. Nb5 c5 12. Rfd1 h6 13. Bh2 Ne4 14. Qc2 Ndf6 15.
dxc5 Qxc5 16. Rab1 Bd7 17. b4 Qb6 18. c5 dxc5 19. bxc5 Qa5 20. Bc7 b6 21. Nfd4
Nxc5 22. Qxc5 bxc5 23. Bxa5 cxd4 24. Nc7 dxe3 25. fxe3 Bc6 26. Nxa8 Rxa8 27.
Bc4+ Kh7 28. Bd8 Ne4 29. Rbc1 Nc3 30. Rd2 Ne4 31. Rd3 Nd6 32. Bxe7 Nxc4 33.
Rxc4 Bb5 34. Rdd4 Bxc4 35. Rxc4 a5 36. Rc7 Kg8 37. a4 Be5 38. Rc5 Bg3 39. Bf6
h5 40. Bc3 h4 41. Kf1 Re8 42. Bd2 Rb8 43. Ke2 Rb1 44. Rc1 Rb2 45. Rc5 Bd6 46.
Rxa5 Rxd2+ 47. Kxd2 Bb4+ 48. Ke2 Bxa5 49. Kf3 Kf7 50. e4 Kf6 51. exf5 Kxf5 52.
Kf2 Kf4 53. Kg1 Kg3 54. Kh1 Kf2 55. Kh2 Bc7+ 56. Kh1 Kf1 57. a5 Bxa5 58. Kh2
Bc7+ 59. g3 hxg3+ 60. Kh1 g2# 0-1

[Event "Povolje_2014_open"]
[Site "Ulyanovsk"]
[Date "2014.08.26"]
[Round "1"]
[White "Parfenov, Vladimir"]
[Black "Peruhin, Anatoliy"]
[Result "1-0"]
[WhiteElo "1999"]
[BlackElo "1695"]
[PlyCount "86"]
[EventDate "2014.08.26"]
[EventRounds "9"]
[EventCountry "RUS"]

1. e4 e6 2. f4 Nc6 3. Nf3 Nf6 4. e5 Nd5 5. d4 b6 6. c4 Bb4+ 7. Kf2 Nde7 8. a3
Ba5 9. b4 Nxb4 10. axb4 Bxb4 11. Qb3 Nc6 12. Be3 Qe7 13. Bd3 Na5 14. Qc2 Bb7
15. Nbd2 Bxd2 16. Bxd2 Bxf3 17. Kxf3 Nc6 18. Qc3 O-O 19. Be4 f5 20. Bc2 a5 21.
g3 Rfd8 22. Be3 Nb4 23. Bb3 c6 24. Rhd1 Qf7 25. Rd2 Rdc8 26. Kg2 Kh8 27. Bd1 h6
28. Bf3 Qe8 29. Qb3 Qe7 30. d5 Rab8 31. dxe6 dxe6 32. Rad1 c5 33. Rd7 Qe8 34.
R1d6 Rd8 35. Qd1 Rxd7 36. Rxd7 Kh7 37. Qd6 Nc2 38. Bf2 Nd4 39. Bxd4 cxd4 40.
Qxd4 Qc8 41. g4 a4 42. gxf5 exf5 43. e6 Qe8 1-0

[Event "Povolje_2014_open"]
[Site "Ulyanovsk"]
[Date "2014.08.26"]
[Round "1"]
[White "Sinicin, Vladimir"]
[Black "Pisarenko, Oleg"]
[Result "1-0"]
[WhiteElo "1686"]
[BlackElo "1997"]
[PlyCount "135"]
[EventDate "2014.08.26"]
[EventRounds "9"]
[EventCountry "RUS"]

1. d4 d5 2. c4 e6 3. Nc3 Nf6 4. Bg5 Be7 5. e3 Nbd7 6. Nf3 O-O 7. Bd3 dxc4 8.
Bxc4 b6 9. Qc2 Bb7 10. O-O-O a6 11. Bd3 h6 12. h4 Nd5 13. Nxd5 Bxd5 14. Kb1 f6
15. Bxh6 gxh6 16. Bh7+ Kh8 17. Qg6 Be4+ 18. Qxe4 f5 19. Qxe6 Rf6 20. Qc4 b5 21.
Qb3 Kxh7 22. Ng5+ Kh8 23. Nf7+ Rxf7 24. Qxf7 Qf8 25. Qxf8+ Rxf8 26. g3 Nf6 27.
Rc1 Bd6 28. a3 Kg7 29. Kc2 Kg6 30. Kd3 Kh5 31. b4 Ne4 32. Rc2 Ra8 33. Rg1 Nf6
34. f3 a5 35. e4 fxe4+ 36. fxe4 Ng4 37. e5 Bf8 38. Rf1 axb4 39. axb4 Bxb4 40.
Ke4 c5 41. Rf5+ Kg6 42. h5+ Kh7 43. Rf4 Nxe5 44. dxe5 Ba3 45. Rf7+ Kg8 46. e6
c4 47. Rcf2 Re8 48. Kd5 c3 49. Rc7 Rd8+ 50. Kc6 Rd6+ 51. Kxb5 Rxe6 52. Ra2 Bd6
53. Ra8+ Bf8 54. Rxc3 Re5+ 55. Kc6 Kg7 56. Ra7+ Kg8 57. Rf3 Bg7 58. g4 Rg5 59.
Ra4 Be5 60. Rf5 Rxf5 61. gxf5 Kf7 62. Kd5 Kf6 63. Ke4 Bb2 64. Kf4 Bc1+ 65. Kg3
Bb2 66. Ra6+ Kg7 67. Rg6+ Kh7 68. f6 1-0

[Event "Povolje_2014_open"]
[Site "Ulyanovsk"]
[Date "2014.08.26"]
[Round "1"]
[White "Dobrocmyslov, Artem"]
[Black "Pegov, Valery"]
[Result "1-0"]
[WhiteElo "1983"]
[BlackElo "1669"]
[PlyCount "77"]
[EventDate "2014.08.26"]
[EventRounds "9"]
[EventCountry "RUS"]

1. d4 d6 2. e4 e5 3. dxe5 dxe5 4. Qxd8+ Kxd8 5. Bc4 f6 6. Be3 Nc6 7. Nc3 Nd4 8.
O-O-O c5 9. Nd5 b5 10. Bxd4 bxc4 11. Bc3 Bd7 12. Nf3 Kc8 13. Nd2 Ne7 14. Nxe7+
Bxe7 15. Nxc4 Bc6 16. f3 Rd8 17. Rxd8+ Kxd8 18. Rd1+ Ke8 19. Be1 Rd8 20. Bf2
Rd7 21. Ne3 g6 22. Nd5 Bxd5 23. Rxd5 Rc7 24. Kd2 Rb7 25. Kc3 Rb5 26. a4 Rb4 27.
b3 Rb6 28. Bxc5 Rc6 29. Kc4 a6 30. b4 Rc8 31. b5 Bd8 32. Kb4 Be7 33. Bxe7 Kxe7
34. c4 Ke6 35. c5 g5 36. Rd6+ Ke7 37. Rxa6 f5 38. exf5 g4 39. fxg4 1-0

[Event "Povolje_2014_open"]
[Site "Ulyanovsk"]
[Date "2014.08.26"]
[Round "1"]
[White "Abdurahmanov, Afer"]
[Black "Seyfutdinov, Rustam"]
[Result "0-1"]
[WhiteElo "1664"]
[BlackElo "1955"]
[PlyCount "68"]
[EventDate "2014.08.26"]
[EventRounds "9"]
[EventCountry "RUS"]

1. g3 Nf6 2. Bg2 g6 3. c3 Bg7 4. d3 O-O 5. h4 d5 6. Bg5 h6 7. Bd2 e5 8. Qc1 Kh7
9. Nf3 e4 10. dxe4 Nxe4 11. Ng5+ hxg5 12. hxg5+ Kg8 13. Be3 Re8 14. Na3 d4 15.
cxd4 Bxd4 16. Qc2 Bxe3 17. Bxe4 Qd2+ 18. Kf1 Qxc2 19. Bxc2 Bxg5 20. e4 Bf6 21.
Rb1 Be6 22. b3 Nc6 23. f4 Nd4 24. e5 Be7 25. b4 a5 26. Ba4 c6 27. Rb2 Kg7 28.
Nb1 axb4 29. Bd1 Rxa2 30. Rhh2 Rxb2 31. Rxb2 c5 32. Nd2 c4 33. Nf3 Nxf3 34.
Bxf3 c3 0-1

[Event "Povolje_2014_open"]
[Site "Ulyanovsk"]
[Date "2014.08.26"]
[Round "1"]
[White "Poletaev, Vitaly"]
[Black "Breskanu, Nikita"]
[Result "1-0"]
[WhiteElo "1948"]
[BlackElo "1636"]
[PlyCount "113"]
[EventDate "2014.08.26"]
[EventRounds "9"]
[EventCountry "RUS"]

1. e4 c6 2. f4 d5 3. e5 Bf5 4. d4 e6 5. Nf3 Nd7 6. Bd3 Ne7 7. O-O Bxd3 8. Qxd3
Nf5 9. a4 c5 10. c3 cxd4 11. cxd4 Be7 12. Nc3 g6 13. g4 Ng7 14. Bd2 h5 15. g5
Nf5 16. Rfc1 a6 17. Ne2 O-O 18. Ng3 Nxg3 19. hxg3 Qb6 20. Bc3 Rac8 21. Nh4 Kg7
22. Rf1 Rc4 23. Kh2 Bb4 24. Ng2 Bxc3 25. bxc3 Qc6 26. Ra3 Rxa4 27. Rb3 b5 28.
Rf2 Qc4 29. Qb1 Rb8 30. Ne3 Qc6 31. g4 Rh8 32. Kg3 Qc7 33. Rh2 Qd8 34. gxh5
Rxh5 35. Rxh5 gxh5 36. Kh4 Qb8 37. Rb4 Qb6 38. Kxh5 Qc6 39. Rb3 Qc8 40. Ng4 Qc4
41. g6 Ra1 42. Qxa1 fxg6+ 43. Kg5 Qxb3 44. Qxa6 Qb1 45. Qxe6 Qf5+ 46. Qxf5 gxf5
47. Kxf5 Nb6 48. Ke6 Na4 49. Ne3 Nxc3 50. Nc2 Ne2 51. f5 b4 52. f6+ Kf8 53.
Nxb4 Nxd4+ 54. Kxd5 Nb5 55. e6 Nc7+ 56. Ke5 Ne8 57. Nd5 1-0

[Event "Povolje_2014_open"]
[Site "Ulyanovsk"]
[Date "2014.08.26"]
[Round "1"]
[White "Logunov, Egor"]
[Black "Ivanov, Nikolay A"]
[Result "0-1"]
[WhiteElo "1603"]
[BlackElo "1944"]
[PlyCount "52"]
[EventDate "2014.08.26"]
[EventRounds "9"]
[EventCountry "RUS"]

1. e4 c5 2. Nf3 Nc6 3. d4 cxd4 4. Nxd4 Nf6 5. Nc3 e6 6. Bg5 Bb4 7. Nxc6 bxc6 8.
e5 Qa5 9. exf6 Qxg5 10. fxg7 Qxg7 11. Qd3 d5 12. O-O-O O-O 13. Qg3 e5 14. Ne2
Bf5 15. Qxg7+ Kxg7 16. Rg1 Be6 17. g4 Bc5 18. Rg3 Bxf2 19. Rg2 Be3+ 20. Kb1 d4
21. Re1 Bd5 22. Rg1 Bf2 23. Rd1 Bxg1 24. Nxg1 f5 25. g5 h6 26. gxh6+ Kxh6 0-1

[Event "Povolje_2014_open"]
[Site "Ulyanovsk"]
[Date "2014.08.26"]
[Round "1"]
[White "Chugunov, Vyacheslav"]
[Black "Verevicheva, Marina"]
[Result "1-0"]
[WhiteElo "1936"]
[BlackElo "1519"]
[PlyCount "77"]
[EventDate "2014.08.26"]
[EventRounds "9"]
[EventCountry "RUS"]

1. e4 e5 2. d4 exd4 3. Nf3 Nc6 4. Bc4 Bb4+ 5. c3 Be7 6. cxd4 d6 7. h3 Nf6 8.
Nc3 O-O 9. O-O h6 10. Qe2 Nh7 11. Bf4 Bf6 12. e5 Re8 13. Rad1 Bd7 14. Qd2 Be7
15. Ne4 Bc8 16. Bb5 d5 17. Nc5 Nf8 18. Rc1 a6 19. Ba4 b5 20. Bb3 Na7 21. Ne1
Ne6 22. Nxe6 Bxe6 23. Bc2 Bg5 24. Bxg5 Qxg5 25. f4 Qh5 26. f5 Bd7 27. Qf4 c6
28. Rf3 Qg5 29. Nd3 Nc8 30. Rg3 Qxf4 31. Nxf4 Nb6 32. Nh5 Kf8 33. Nxg7 Rec8 34.
e6 fxe6 35. fxe6 Be8 36. Rf1+ Ke7 37. b3 c5 38. Nxe8 Kxe8 39. Rg7 1-0

[Event "Povolje_2014_open"]
[Site "Ulyanovsk"]
[Date "2014.08.26"]
[Round "1"]
[White "Suimanov, Vladimir"]
[Black "Sounov, Batyr"]
[Result "0-1"]
[WhiteElo "1412"]
[BlackElo "1917"]
[PlyCount "84"]
[EventDate "2014.08.26"]
[EventRounds "9"]
[EventCountry "RUS"]

1. c4 Nf6 2. Nc3 g6 3. d4 Bg7 4. Bg5 h6 5. Bh4 O-O 6. e3 d6 7. Nge2 e5 8. Ne4
g5 9. Nxf6+ Qxf6 10. Bg3 Bg4 11. f3 Bh5 12. dxe5 dxe5 13. Qb3 Nd7 14. Nc3 Qc6
15. Nd5 Rae8 16. e4 Nc5 17. Qc3 Qd6 18. Be2 c6 19. Ne3 Bg6 20. Rd1 Qc7 21. O-O
Rd8 22. Ng4 f6 23. b4 Ne6 24. Rxd8 Rxd8 25. Rd1 Rxd1+ 26. Bxd1 Qd7 27. Ne3 Nd4
28. Bf2 Bf8 29. Kh1 Bf7 30. Ba4 Ne2 31. Qb2 Nf4 32. Ng4 Kg7 33. Nxe5 fxe5 34.
Qxe5+ Kh7 35. Bd4 Ng6 36. Qf6 Bxc4 37. Bxa7 b5 38. Bc2 Qxa7 39. e5 Qg7 40. Qxc6
Bxb4 41. g3 Qf7 42. f4 Bd5+ 0-1

[Event "Povolje_2014_open"]
[Site "Ulyanovsk"]
[Date "2014.08.26"]
[Round "1"]
[White "Parshakov, Vladimir"]
[Black "Gorelov, Ivan"]
[Result "1-0"]
[WhiteElo "1909"]
[BlackElo "1354"]
[PlyCount "67"]
[EventDate "2014.08.26"]
[EventRounds "9"]
[EventCountry "RUS"]

1. e4 c6 2. d4 d5 3. exd5 cxd5 4. Nf3 Bf5 5. Bb5+ Nd7 6. O-O Ngf6 7. c3 a6 8.
Ba4 b5 9. Bb3 e6 10. a3 Be7 11. Re1 a5 12. Bg5 O-O 13. Nbd2 a4 14. Bc2 Bxc2 15.
Qxc2 Nb6 16. Ne5 Qc7 17. Re3 Nbd7 18. Rh3 h6 19. Bf4 Bd6 20. Nxd7 Qxd7 21. Bxd6
Qxd6 22. Re1 Rfe8 23. Qd3 Rab8 24. Qf3 e5 25. Qg3 Nd7 26. Nf3 f6 27. Rxh6 Kf8
28. Rh8+ Kf7 29. Rh7 Rg8 30. dxe5 fxe5 31. Nxe5+ Nxe5 32. Rxe5 Rbe8 33. Qf3+
Kg6 34. Qf5# 1-0

[Event "Povolje_2014_open"]
[Site "Ulyanovsk"]
[Date "2014.08.27"]
[Round "2"]
[White "Poletaev, Vitaly"]
[Black "Pirogov, Vyatchslav"]
[Result "0-1"]
[WhiteElo "1948"]
[BlackElo "2339"]
[PlyCount "124"]
[EventDate "2014.08.26"]
[EventRounds "9"]
[EventCountry "RUS"]

1. e4 c6 2. d4 d5 3. exd5 cxd5 4. Bb5+ Bd7 5. Bxd7+ Qxd7 6. Nf3 Nc6 7. O-O Nf6
8. Bf4 e6 9. Nc3 a6 10. h3 Bd6 11. Ne5 Qd8 12. Nxc6 bxc6 13. Bxd6 Qxd6 14. Qd3
c5 15. dxc5 Qxc5 16. Ne2 O-O 17. c3 a5 18. g4 Rfc8 19. Ng3 Rab8 20. Rab1 Qc4
21. Qxc4 Rxc4 22. f3 Nd7 23. Ne2 Kf8 24. Kf2 Ke7 25. Rfd1 Rc7 26. Nd4 Ne5 27.
Ne2 a4 28. b4 Nc4 29. Rd4 Na3 30. Rc1 Nb5 31. Rd3 Rbc8 32. Ke3 Kd6 33. Kd2 e5
34. Ng3 Ke6 35. Ne2 f6 36. h4 g6 37. Re1 Rc4 38. Rc1 f5 39. gxf5+ gxf5 40. f4
e4 41. Rg3 d4 42. cxd4 Rxc1 43. d5+ Kxd5 44. Nxc1 Nd4 45. Rg7 Rc2+ 46. Kd1 Rb2
47. Rd7+ Kc4 48. Rc7+ Kxb4 49. Rxh7 Rh2 50. a3+ Kc5 51. Rc7+ Kd6 52. Rc4 Kd5
53. Rxa4 e3 54. Rxd4+ Kxd4 55. a4 Rxh4 56. a5 Rh1+ 57. Kc2 Rh2+ 58. Kd1 Ke4 59.
a6 Rh6 60. Nb3 Kf3 61. Nd4+ Kf2 62. a7 Ra6 0-1

[Event "Povolje_2014_open"]
[Site "Ulyanovsk"]
[Date "2014.08.27"]
[Round "2"]
[White "Abdulyazanov, Malik"]
[Black "Chugunov, Vyacheslav"]
[Result "1-0"]
[WhiteElo "2323"]
[BlackElo "1936"]
[PlyCount "77"]
[EventDate "2014.08.26"]
[EventRounds "9"]
[EventCountry "RUS"]

1. e4 c6 2. d4 d5 3. Nc3 dxe4 4. Nxe4 Bf5 5. Ng3 Bg6 6. h4 h6 7. Nf3 Nd7 8. h5
Bh7 9. Bd3 Bxd3 10. Qxd3 Ngf6 11. Bd2 e6 12. O-O-O Bd6 13. Ne4 Nxe4 14. Qxe4
Qc7 15. Kb1 O-O-O 16. c4 Nf6 17. Qe2 Rhe8 18. Ne5 c5 19. Bc3 Bxe5 20. dxe5
Rxd1+ 21. Rxd1 Nd7 22. Qg4 Rg8 23. Qe4 g6 24. Qf4 Nf8 25. Qxh6 gxh5 26. g3 Ng6
27. Qxh5 Rh8 28. Qf3 Rf8 29. Qe4 Ne7 30. b3 Nc6 31. Kc2 Rg8 32. a3 Rg5 33. Qe3
Qe7 34. Rd6 Rf5 35. f4 Rh5 36. Qxc5 Rh2+ 37. Kd3 Qe8 38. Ba5 Kb8 39. Rd8+ 1-0

[Event "Povolje_2014_open"]
[Site "Ulyanovsk"]
[Date "2014.08.27"]
[Round "2"]
[White "Ivanov, Nikolay A"]
[Black "Mirzaev, Aziz"]
[Result "0-1"]
[WhiteElo "1944"]
[BlackElo "2305"]
[PlyCount "60"]
[EventDate "2014.08.26"]
[EventRounds "9"]
[EventCountry "RUS"]

1. c4 e5 2. g3 Nf6 3. Bg2 Nc6 4. Nf3 Bc5 5. Nc3 d6 6. d3 O-O 7. O-O h6 8. a3 a5
9. b3 Bf5 10. Nd2 Qd7 11. Rb1 Bh3 12. Nde4 Nxe4 13. Nxe4 Bxg2 14. Kxg2 f5 15.
Nxc5 dxc5 16. Bd2 Rad8 17. Bc3 f4 18. b4 f3+ 19. exf3 Qxd3 20. Qxd3 Rxd3 21.
Rfc1 Rfxf3 22. Be1 cxb4 23. axb4 a4 24. Rd1 a3 25. Bd2 e4 26. b5 Ne5 27. c5 Nc4
28. Bf4 a2 29. Rbc1 Rxd1 30. Rxd1 Ra3 0-1

[Event "Povolje_2014_open"]
[Site "Ulyanovsk"]
[Date "2014.08.27"]
[Round "2"]
[White "Shuklin, Nikolay"]
[Black "Parshakov, Vladimir"]
[Result "1-0"]
[WhiteElo "2113"]
[BlackElo "1909"]
[PlyCount "89"]
[EventDate "2014.08.26"]
[EventRounds "9"]
[EventCountry "RUS"]

1. d4 Nf6 2. Nf3 e6 3. c4 b6 4. g3 Ba6 5. Nbd2 Bb7 6. Bg2 c5 7. O-O d6 8. b3
Nbd7 9. Bb2 Be7 10. Re1 O-O 11. e4 cxd4 12. Nxd4 Nc5 13. Qe2 Re8 14. Rad1 Qc7
15. Nb5 Qc6 16. Nc3 Rad8 17. h3 a6 18. Kh2 Qc7 19. Rc1 a5 20. Nb5 Qb8 21. Rcd1
Nfd7 22. Nb1 Ba6 23. N1c3 Nf8 24. Bc1 Ng6 25. Be3 Bf6 26. f4 Ne7 27. Bf2 Bxc3
28. Nxc3 d5 29. exd5 exd5 30. Nb5 Ng6 31. Qc2 Rxe1 32. Rxe1 dxc4 33. bxc4 Nd3
34. Rd1 Nxf2 35. Rxd8+ Qxd8 36. Qxf2 h6 37. a4 Nf8 38. c5 bxc5 39. Qxc5 Qd2 40.
Qc6 Bxb5 41. axb5 a4 42. b6 a3 43. b7 a2 44. b8=Q a1=Q 45. Qc5 1-0

[Event "Povolje_2014_open"]
[Site "Ulyanovsk"]
[Date "2014.08.27"]
[Round "2"]
[White "Sounov, Batyr"]
[Black "Saveliev, Dmitri"]
[Result "0-1"]
[WhiteElo "1917"]
[BlackElo "2102"]
[PlyCount "108"]
[EventDate "2014.08.26"]
[EventRounds "9"]
[EventCountry "RUS"]

1. e4 c6 2. d4 d5 3. exd5 cxd5 4. Bd3 Nc6 5. Ne2 Bg4 6. c3 e6 7. O-O Bd6 8. f3
Bh5 9. Bf4 Nge7 10. Nd2 O-O 11. Re1 Bg6 12. Nf1 Rb8 13. Nfg3 b5 14. a3 a5 15.
Qd2 Qc7 16. Bxd6 Qxd6 17. Nf4 Rb6 18. b4 axb4 19. axb4 e5 20. dxe5 Nxe5 21.
Bxg6 N5xg6 22. Nxg6 hxg6 23. Qd4 Rb7 24. Ne4 Qf4 25. Nc5 Qxd4+ 26. cxd4 Rc7 27.
Ra5 Nc6 28. Rxb5 Nxd4 29. Rb6 Rd8 30. Kf2 Nc2 31. Rc1 Na3 32. Ne6 Rxc1 33. Nxd8
Nc4 34. Rb8 Rc2+ 35. Kg3 f6 36. b5 g5 37. b6 Rb2 38. b7 Nd6 39. Rc8 Rxb7 40.
Nxb7+ Nxc8 41. Kf2 Ne7 42. Nd6 Kf8 43. Ke3 Nc6 44. Kd3 g6 45. Ke3 Ke7 46. Nc8+
Ke6 47. Nb6 Kd6 48. Kd3 Ne7 49. g3 Nc6 50. Ke3 Ne5 51. Nc8+ Ke6 52. Nb6 d4+ 53.
Ke2 d3+ 54. Ke3 d2 0-1

[Event "Povolje_2014_open"]
[Site "Ulyanovsk"]
[Date "2014.08.27"]
[Round "2"]
[White "Chesalkin, Vladimir"]
[Black "Usachev, Andrey"]
[Result "0-1"]
[WhiteElo "2078"]
[BlackElo "1900"]
[PlyCount "71"]
[EventDate "2014.08.26"]
[EventRounds "9"]
[EventCountry "RUS"]

1. d4 d5 2. Nf3 Nf6 3. e3 e6 4. c4 Be7 5. b3 dxc4 6. bxc4 b6 7. Bd3 Bb7 8. O-O
O-O 9. Nbd2 Re8 10. Bb2 Nbd7 11. Qc2 Nf8 12. Ne5 N6d7 13. f4 f6 14. Nxd7 Qxd7
15. e4 c5 16. d5 Rad8 17. a4 a6 18. Nf3 b5 19. Rad1 exd5 20. exd5 bxc4 21. Bxc4
Bd6 22. Nh4 Qg4 23. Nf5 Bxf4 24. h3 Qg5 25. d6+ Kh8 26. Nxg7 Kxg7 27. Rxf4 Qxf4
28. Rf1 Qe3+ 29. Kh1 Qxh3+ 30. Kg1 Qe3+ 31. Kh2 Qh6+ 32. Kg1 Rxd6 33. Qf5 Nd7
34. Rf4 Rd2 35. Rg4+ Kh8 36. Qe6 0-1

[Event "Povolje_2014_open"]
[Site "Ulyanovsk"]
[Date "2014.08.27"]
[Round "2"]
[White "Kolosov, Anatoly"]
[Black "Beldyugin, Alexey"]
[Result "1-0"]
[WhiteElo "1900"]
[BlackElo "2070"]
[PlyCount "107"]
[EventDate "2014.08.26"]
[EventRounds "9"]
[EventCountry "RUS"]

1. e4 e6 2. Qe2 c5 3. Nf3 Nc6 4. g3 d6 5. Bg2 Nf6 6. O-O Be7 7. d3 O-O 8. Re1
Qc7 9. c3 b6 10. Bf4 Bb7 11. Nbd2 Rfd8 12. Rac1 Rac8 13. d4 cxd4 14. cxd4 Qd7
15. Bh3 d5 16. e5 Ne4 17. a3 Rc7 18. Nxe4 dxe4 19. Qxe4 Nxd4 20. Qxd4 Bxf3 21.
Qxd7 Rdxd7 22. Bg2 Bxg2 23. Kxg2 Kf8 24. Kf3 Ke8 25. Ke4 Kd8 26. Red1 Rxc1 27.
Rxc1 Rd5 28. g4 Rb5 29. Rc2 Bc5 30. Bg5+ Kd7 31. b4 f6 32. exf6 Bd6 33. f4 gxf6
34. Bxf6 a5 35. bxa5 Rxa5 36. Rd2 Kc6 37. Bc3 Ra4+ 38. Bb4 Bxb4 39. axb4 Ra1
40. f5 exf5+ 41. gxf5 Re1+ 42. Kf4 Kb5 43. Rd4 Rh1 44. f6 Rxh2 45. Kf5 Re2 46.
f7 Rf2+ 47. Rf4 Rxf4+ 48. Kxf4 Kxb4 49. f8=Q+ Kc4 50. Qf7+ Kc5 51. Qxh7 b5 52.
Ke4 Kb4 53. Kd4 Ka3 54. Qb1 1-0

[Event "Povolje_2014_open"]
[Site "Ulyanovsk"]
[Date "2014.08.27"]
[Round "2"]
[White "Pavlov, Anatoly F"]
[Black "Sazonov, Anatoliy"]
[Result "1/2-1/2"]
[WhiteElo "2066"]
[BlackElo "1889"]
[PlyCount "51"]
[EventDate "2014.08.26"]
[EventRounds "9"]
[EventCountry "RUS"]

1. c4 c5 2. Nf3 Nf6 3. g3 b6 4. Bg2 Bb7 5. Nc3 g6 6. O-O Bg7 7. d4 cxd4 8. Qxd4
O-O 9. Qh4 d6 10. Bg5 Nbd7 11. b3 a6 12. Rac1 Re8 13. Rfd1 Nc5 14. Bh6 Bh8 15.
Be3 Rc8 16. Bd4 Ne6 17. Ng5 Nxd4 18. Bxb7 Nf5 19. Qh3 Rc7 20. Nd5 h6 21. Nxc7
Qxc7 22. Be4 hxg5 23. Bxf5 gxf5 24. Qxf5 Qc5 25. Qf3 Qe5 26. e3 1/2-1/2